000 01031nam a2200313 i 4500
999 _c65477
_d65477
001 768714001
003 CO-MdFUSB
005 20200316170910.0
007 ta
008 200316t1989 -us |||| |||| 00| 0 eng d
020 _a0943575265
040 _aCO-MdFUSB
_bspa
_cCO-MdFUSB
_dCO-MdFUSBC
_erda
041 _aeng
082 _223
_a220.7
_bL723
100 _aLightfoot, John.
_eautor
245 2 _aA commentary on the New Testament from the Talmud and Hebraica, Matthew -- 1 Corinthians
_c/ John Lightfoot
264 1 _aEstados Unidos :
_bHendrickson Publishers,
_c[1989]
264 4 _c© 1989
300 _a384 páginas
_c; 23 cm
336 _2rdacontent
_atexto
_btxt
337 _2rdamedia
_asin mediación
_bn
338 _2rdacarrier
_avolumen
_bnc
505 _aVol. 1. Coloque nombres en los Evangelios. -- Vol. 2. Mateo - Marcos. -- Vol. 3. Lucas - Juan. -- Vol. 4. Hechos - 1 Corintios.
563 _aTapa dura
630 0 7 _aBiblia
_vComentarios
942 _cREF
945 _aJTF-925